[Event "Mukachevo Summer Open"]
[Site "Mukachevo UKR"]
[Date "2012.06.26"]
[Round "1.2"]
[White "Grabar,Vasiliy"]
[Black "Tarlev,K"]
[Result "1/2-1/2"]
[WhiteElo "2165"]
[BlackElo "2526"]

1.d4 d5 2.c4 dxc4 3.Nf3 a6 4.e3 e6 5.Bxc4 b5 6.Be2 c5 7.O-O Nf6 8.dxc5 Bxc5
9.Qxd8+ Kxd8 10.Ne5 Ke7 11.Bf3 Ra7 12.a3 Bd6 13.Nc6+ Nxc6 14.Bxc6 Ng4 15.f4 Bc5
16.Re1 e5 17.h3 Nf6 18.fxe5 Nd7 19.Bxd7 Rxd7 20.Nd2 Bb7 21.Nb3 Bb6 22.Bd2 Rd3
23.Bb4+ Ke6 24.Nd4+ Kxe5 25.Bc3 Ke4 26.Kf2 h5 27.Rad1 Rxd1 28.Rxd1 Rd8 29.Re1 Rc8
30.Re2 Bd5 31.Ke1 Bc7 32.Kd1 Bg3 33.Rd2 f6 34.Kc2 Be1 35.Rd1 Bxc3 36.bxc3 Bc4
37.Kd2 Rc5 38.h4 Ke5 39.Re1 Bd5 40.g3 Rc4 41.Rf1 Be4 42.Rg1 Ra4 43.Ra1 g5
44.Kc1 Rc4 45.Kd2 Ra4 46.Kc1 Rc4 47.Kd2 Rc8 48.a4 gxh4 49.gxh4 Rg8 50.Re1 bxa4
51.c4 a3 52.Kc3 a2 53.Kb2 Rg2+ 54.Re2 f5 55.Rxg2 Bxg2 56.Ne2 Ke4 57.Ng3+ Kxe3
58.Nxf5+  1/2-1/2

[Event "XXI Adolf Anderssen Mem Prelim"]
[Site "Wroclaw POL"]
[Date "2012.06.30"]
[Round "1"]
[White "Miszczak,M"]
[Black "Grabarczyk,M"]
[Result "0-1"]
[WhiteElo "1974"]
[BlackElo "2445"]

1.d4 d5 2.c4 dxc4 3.Nf3 a6 4.e3 Nf6 5.Bxc4 b5 6.Bd3 Bb7 7.O-O Nbd7 8.Qe2 c5
9.a4 b4 10.Nbd2 e6 11.Nc4 Be7 12.Rd1 Qc7 13.Bd2 a5 14.Rac1 O-O 15.e4 Rfd8
16.e5 Bxf3 17.Qxf3 Nd5 18.Qe4 g6 19.Ne3 N7b6 20.Bb5 Rac8 21.dxc5 Bxc5 22.Ng4 Qe7
23.h4 Qa7 24.Bg5 Be7 25.Qf3 Kg7 26.Bh6+ Kg8 27.h5 Rxc1 28.Rxc1 Qb8 29.g3 Rc8
30.Re1 Qa8 31.Kg2 Rc2 32.Rh1 Nc7 33.Qxa8+ Nbxa8 34.Rb1 Nxb5 35.axb5 a4 36.hxg6 fxg6
37.Be3 Rc7 38.Rc1 a3 39.bxa3 bxa3 40.Bd4 a2 41.Bc3 Bc5 42.Nf6+ Kg7 43.Nd7  0-1

[Event "7th Vladimir Dvorkovich Cup"]
[Site "Moscow RUS"]
[Date "2012.07.04"]
[Round "5.3"]
[White "Sanzhaev,D"]
[Black "Kanjaryan,V"]
[Result "1-0"]
[WhiteElo "2292"]
[BlackElo "2116"]

1.d4 d5 2.c4 dxc4 3.Nf3 a6 4.e3 Bg4 5.Bxc4 e6 6.h3 Bh5 7.O-O Nf6 8.Nc3 Nc6
9.b3 Bd6 10.Be2 O-O 11.Bb2 Qe7 12.Ne5 Bxe2 13.Nxe2 Bxe5 14.dxe5 Nd5 15.a3 Rfd8
16.Qc2 Qg5 17.Qe4 Qg6 18.Qf3 Qc2 19.Rab1 Qxb3 20.Qg4 Qd3 21.e4 Nde7 22.Ng3 Ng6
23.f4 h5 24.Nxh5 Qxe4 25.Ng3 Qe3+ 26.Kh2 Nce7 27.h4 Nf5 28.Nxf5 exf5 29.Qxf5 Qe2
30.Qg5 Rd2 31.Rbe1 Qd3 32.Bc1 Ra2 33.h5 Nf8 34.f5 f6 35.exf6 Qd6+ 36.Rf4 Qxf6
37.Qxf6 gxf6 38.Rg4+ Kh8 39.Re7 Rf2 40.Bh6 Rxf5 41.Bg7+  1-0

[Event "11th ROC Nova Open"]
[Site "Haarlem NED"]
[Date "2012.07.07"]
[Round "3.1"]
[White "L'Ami,E"]
[Black "Afek,Y"]
[Result "1-0"]
[WhiteElo "2615"]
[BlackElo "2293"]

1.d4 d5 2.Nf3 c5 3.c4 dxc4 4.d5 e6 5.Nc3 exd5 6.Qxd5 Qxd5 7.Nxd5 Na6 8.e4 Ne7
9.Ne3 Ng6 10.Bxc4 Nc7 11.O-O Be6 12.b3 Bxc4 13.bxc4 f6 14.Bb2 O-O-O 15.e5 Nxe5
16.Nxe5 fxe5 17.Bxe5 Re8 18.f4 Rg8 19.Rfe1 Ne6 20.Nd5 Nd8 21.a4 Nf7 22.a5 Nxe5
23.fxe5 Re6 24.Rab1 g5 25.Rf1 Rxe5 26.Rf7 Bd6 27.Rbxb7 Bb8 28.a6  1-0

[Event "Chess House IM 2012"]
[Site "Aarhus DEN"]
[Date "2012.07.15"]
[Round "8.1"]
[White "Pedersen,NicV"]
[Black "Semcesen,D"]
[Result "1/2-1/2"]
[WhiteElo "2453"]
[BlackElo "2464"]

1.d4 d5 2.c4 dxc4 3.Nf3 a6 4.e3 b5 5.a4 Bb7 6.axb5 axb5 7.Rxa8 Bxa8 8.b3 e6
9.bxc4 bxc4 10.Ne5 Nd7 11.Qa4 Nf6 12.Nd2 Bd6 13.Ndxc4  1/2-1/2

[Event "XXI TCh-MKD 2012"]
[Site "Struga MKD"]
[Date "2012.07.19"]
[Round "4.5"]
[White "Koteski,D"]
[Black "Kizov,A"]
[Result "0-1"]
[WhiteElo "2276"]
[BlackElo "2418"]

1.d4 d5 2.c4 dxc4 3.Nf3 c5 4.e4 cxd4 5.Qxd4 Qxd4 6.Nxd4 Bd7 7.Bxc4 Nc6 8.Nxc6 Bxc6
9.Nc3 e6 10.Be3 a6 11.Rc1 Nf6 12.f3 Nd7 13.O-O Bc5 14.Kf2 Bxe3+ 15.Kxe3 Ne5
16.Be2 g5 17.a4 Ke7 18.b3 h5 19.Na2 h4 20.Nb4 Rac8 21.Rc5 f6 22.Rfc1 Bd7
23.Nd3 Nxd3 24.Bxd3 Rxc5 25.Rxc5 Kd6 26.Rc2 a5 27.Bc4 e5 28.Rd2+ Ke7 29.Bd5 b6
30.Rc2 Rc8 31.Rxc8 Bxc8 32.Bc4 Kd6 33.Kd3 Kc5 34.Kc3 Bd7 35.Bf7 b5 36.axb5 Bxb5
37.g3 Be2 38.Bh5 Bd1 39.Bg4 Be2 40.Bh5 Bb5 41.Bf7 Bd7 42.Bg6 Be6 43.Bh5 hxg3
44.hxg3 f5 45.Bg6 f4 46.gxf4 exf4 47.Bh5 Bd7 48.Bf7 g4 49.fxg4 Bxg4 50.Bc4 Bh3
51.Be2 Bg2 52.Bd3 f3 53.Bc4 f2 54.e5 Bd5 55.Bf1 Bf7 56.Bg2 Be6 57.Bf1 Kd5
58.b4 a4 59.Kb2 Kxe5 60.Ka3 Bb3 61.Be2 Kd4 62.Bf1 Bc4 63.Bg2 Bb5 64.Kb2 Ke3  0-1

[Event "Politiken Cup 2012"]
[Site "Helsingor DEN"]
[Date "2012.07.31"]
[Round "5.19"]
[White "Glud,J"]
[Black "Schultz Pedersen,J"]
[Result "1-0"]
[WhiteElo "2498"]
[BlackElo "2172"]

1.Nf3 d5 2.d4 c5 3.c4 dxc4 4.e3 Nf6 5.Bxc4 e6 6.O-O Be7 7.dxc5 Qxd1 8.Rxd1 Bxc5
9.Nbd2 Be7 10.b3 O-O 11.Bb2 Bd7 12.Ne5 Rd8 13.Nxd7 Nbxd7 14.Rac1 Rac8 15.Kf1 Kf8
16.Nf3 Nb6 17.Rxd8+ Bxd8 18.Bd3 Rxc1+ 19.Bxc1 Be7 20.Ne5 h6 21.Bb2 Nfd7 22.Be4 Nxe5
23.Bxe5 Nd7 24.Bd4 b6 25.Bc3 Bf6 26.Bd2 Nc5 27.Bc2 a5 28.Ke2 Ke7 29.g3 Kd6
30.Be1 Kd5 31.f3 Bb2 32.h4 h5 33.g4 hxg4 34.fxg4 g6 35.h5 gxh5 36.gxh5 f5
37.Bh4 Nd7 38.h6 Bf6 39.h7 Bg7 40.Bd8 Kc6 41.Bd3 Nf8 42.Bc4 b5 43.Bd3 Nxh7
44.Bxa5 Be5 45.e4 f4 46.Kf3 Kc5 47.Bd8 Bd6 48.e5 Bxe5 49.Bxh7 Kb4 50.Bg8 Ka3
51.Bxe6 Kxa2 52.Bg5 Kb2 53.Bxf4 Bg7 54.Ke4 Bc3 55.Be5 b4 56.Bd6  1-0

[Event "14th Sants Open A"]
[Site "Barcelona ESP"]
[Date "2012.08.24"]
[Round "8.8"]
[White "Sipila,V"]
[Black "Alonso Rosell,A"]
[Result "1/2-1/2"]
[WhiteElo "2431"]
[BlackElo "2502"]

1.Nf3 d5 2.d4 c5 3.c4 dxc4 4.e3 cxd4 5.Bxc4 Qc7 6.Qb3 e6 7.exd4 Nf6 8.O-O Be7
9.Nc3 a6 10.Bg5 Nc6 11.Bd3 O-O 12.Rac1 Rd8 13.Bh4 Bd7 14.Ne4 Be8 15.Rfe1 Nxe4
16.Bxe7 Qxe7 17.Bxe4 Nxd4 18.Nxd4 Rxd4 19.Qxb7 Qxb7 20.Bxb7 Rb8 21.Bxa6 Rxb2
22.Bc4 Kf8 23.Red1 Rxd1+ 24.Rxd1 Ba4 25.Rc1 Ke7 26.f3 Kd6 27.Rc3 Bc6 28.Bb3 Bd5
29.h4 Ke5 30.Rc7 Kf6 31.Bxd5 exd5 32.Rc6+ Ke5 33.Rc7 d4 34.Rxf7 Ke6 35.Rf8 Rxa2
36.Rd8 Rd2 37.Kf1 d3 38.g4 Ke5 39.Ke1 Re2+ 40.Kf1  1/2-1/2

[Event "III Sarkany-Aranytiz IM"]
[Site "Budapest HUN"]
[Date "2012.08.25"]
[Round "8.4"]
[White "Brustkern,J"]
[Black "Lyell,M"]
[Result "1-0"]
[WhiteElo "2235"]
[BlackElo "2225"]

1.d4 d5 2.c4 dxc4 3.Nf3 a6 4.a4 Nc6 5.e3 e5 6.Bxc4 exd4 7.exd4 Bd6 8.O-O Nge7
9.Ng5 O-O 10.Qh5 Bf5 11.Nxf7 Rxf7 12.Qxf7+ Kh8 13.Bh6 Bxh2+ 14.Kh1 Qxd4 15.Bxg7+ Qxg7
16.Qxg7+ Kxg7 17.Kxh2 Rd8 18.Re1 Rd4 19.b3 Ng6 20.Nc3 Nce5 21.Bd5 Nd3 22.Re2 Ndf4
23.Bxb7 Nxe2 24.Nxe2 Rh4+ 25.Kg1 Bd3 26.Nc1 Be4 27.Bxa6 Rg4 28.g3 Ne5 29.Be2 Rg6
30.f4 Nc6 31.Kf2 Rd6 32.Ke3 Bc2 33.a5 Re6+ 34.Kf2 Be4 35.Nd3 Rh6 36.Nc5 Rh2+
37.Ke3 Bd5 38.a6 Ne7 39.g4 Ba8 40.Ne6+ Kf6 41.Nxc7 Rh3+ 42.Kd4 Nc6+ 43.Kc5  1-0

[Event "FSIM Sept 2012"]
[Site "Budapest HUN"]
[Date "2012.09.02"]
[Round "2.5"]
[White "Sadilek,P"]
[Black "Lyell,M"]
[Result "0-1"]
[WhiteElo "2262"]
[BlackElo "2225"]

1.d4 d5 2.c4 dxc4 3.Nf3 a6 4.e3 e6 5.Bxc4 Nf6 6.O-O c5 7.Bb3 Nc6 8.Nc3 cxd4
9.exd4 Be7 10.Bg5 O-O 11.Re1 Na5 12.Bc2 b5 13.Qd3 g6 14.Bh6 Re8 15.Rad1 Bb7
16.Ne5 Rc8 17.Qh3 Qd6 18.Bf4 Qd8 19.Bg5 b4 20.d5 exd5 21.Nxf7 Kxf7 22.Bxf6 Bxf6
23.Qxh7+ Kf8 24.Qxg6 Rxe1+ 25.Rxe1 bxc3 26.h4 cxb2 27.h5 Rxc2 28.Qxc2 Nc4
29.h6 Ne5 30.Qf5 Nf7 31.Qg6 Ne5 32.Qg3 Qe7 33.f4 Qc5+ 34.Kh2 Nf7 35.h7 Bg7
36.Qb3 Nd6 37.Qh3 Qd4 38.Qh4 Qf6 39.Qg4 Bc8 40.Qf3 Bf5  0-1

[Event "11th Istanbul Open A"]
[Site "Istanbul TUR"]
[Date "2012.09.03"]
[Round "4"]
[White "Belliard,L"]
[Black "Cannesar,Rad"]
[Result "0-1"]
[WhiteElo "2156"]
[BlackElo "1754"]

1.d4 d5 2.Nf3 c5 3.c4 dxc4 4.d5 Nf6 5.Nc3 Bf5 6.Qa4+ Qd7 7.Qxc4 e6 8.e4 Nxe4
9.Ne5 Qc7 10.Qa4+ Nd7 11.Nxd7 Nxc3 12.Nf6+ Ke7 13.bxc3 gxf6 14.Bf4 e5 15.Be3 Bd7
16.Qh4 Qd6 17.c4 Kd8 18.Be2 Be7 19.Qh5 Kc7 20.O-O f5 21.f4 e4 22.Rfd1 Bf6
23.Rab1 Raf8 24.Kh1 b6 25.g3 Ba4 26.Re1 Bd4 27.Bf1 Qg6 28.Qh4 Kd6 29.Bd2 h5
30.Be2 e3 31.Bc1 Bc2 32.Rb2 Be4+ 33.Kg1 Qg4 34.Qxg4 hxg4 35.Rb3 Rxh2 36.Bxe3 Rg2+
37.Kf1 Rh8  0-1

[Event "TCh-FIN SM 2012-13"]
[Site "Jyvaskyla FIN"]
[Date "2012.09.29"]
[Round "2.4"]
[White "Nevanlinna,R"]
[Black "Sisatto,O"]
[Result "0-1"]
[WhiteElo "2258"]
[BlackElo "2258"]

1.d4 d5 2.c4 dxc4 3.Nf3 a6 4.e3 Bg4 5.Bxc4 e6 6.O-O Nf6 7.Nc3 Nc6 8.b3 Bd6
9.Bb2 O-O 10.Rc1 Qe7 11.Be2 Rad8 12.Nd2 Bxe2 13.Qxe2 e5 14.d5 Nb8 15.Nc4 Bb4
16.e4 c6 17.Rfd1 Rfe8 18.Ne3 g6 19.dxc6 Bxc3 20.Bxc3 Rxd1+ 21.Rxd1 Nxc6 22.Nd5 Nxd5
23.exd5 Nb8 24.h3 Nd7 25.Qd2 Rc8 26.Re1 Qd6 27.Bb2 Rc5 28.Rd1 Rb5 29.Qd3 Nb6
30.Qg3 f6 31.Qg4 Rxd5 32.Rxd5 Qxd5 33.Qb4 Nd7 34.Qe7 Qf7 35.Qd8+ Kg7 36.Qc8 Nb6
37.Qd8 Nd5 38.g3 Ne7 39.Kh2 Nc6 40.Qb6 Qe7 41.Bc3 Qd7 42.Qc5 Qf5 43.Bb2 Qd7
44.Ba3 Qf7 45.Qd6 Nd4 46.Bb2 Nb5 47.Qd2 Qc7 48.a4 Nd6 49.Ba3 Nf5 50.Qb4 Qf7
51.Bb2 Qe7 52.Qb6 Qd7 53.Ba3 Nd4 54.Qb4 Qf7 55.Qd6 Nxb3 56.f4 Nd4 57.Bb2 Nf5
58.Qb6 exf4 59.g4 Nh4 60.Qc5 h6 61.Kg1 Qd7 62.Qc3 Qe7 63.Kf1 g5 64.Ba3 Qf7
65.Bb2 Ng6 66.Qc5 Qe7 67.Qf5 Qd6 68.Qc2 Ne7 69.Qb3 Qc6 70.Kg1 Nd5 71.Qa3 Qb6+
72.Kg2 Qb4 73.Qa2 Qe4+ 74.Kg1 Qe1+ 75.Kg2 Qd2+ 76.Kg1 Qd1+ 77.Kf2 Qd3 78.Bc1 Qg3+
79.Kf1 Qxh3+ 80.Ke1 Qh1+  0-1

[Event "FSFMB October 2012"]
[Site "Budapest HUN"]
[Date "2012.10.15"]
[Round "9.2"]
[White "Czipp,J"]
[Black "Mayer,I"]
[Result "0-1"]
[WhiteElo "1460"]
[BlackElo "2074"]

1.d4 d5 2.c4 dxc4 3.Nf3 a6 4.g3 b5 5.Bg2 Bb7 6.O-O Nf6 7.Nc3 e6 8.Bg5 Be7
9.e3 Nbd7 10.Qc2 c5 11.b3 cxb3 12.axb3 cxd4 13.Nxd4 Bxg2 14.Kxg2 Qc8 15.Ncxb5 axb5
16.Rxa8 Qxa8+ 17.Qc6 O-O 18.Qxa8 Rxa8 19.Nc6 Kf8 20.Rd1 Ke8 21.e4 h6 22.Rxd7 Kxd7  0-1

[Event "e2e4 Basingstoke Int Open"]
[Site "Basingstoke ENG"]
[Date "2012.10.29"]
[Round "5.9"]
[White "Rudd,J"]
[Black "Josse,Mar"]
[Result "0-1"]
[WhiteElo "2335"]
[BlackElo "2147"]

1.d4 d5 2.c4 dxc4 3.Nf3 c5 4.e3 cxd4 5.Bxc4 Qc7 6.Qb3 e6 7.O-O Nc6 8.Nxd4 Nf6
9.Nc3 a6 10.Nxc6 Qxc6 11.e4 Nxe4 12.Nxe4 Qxe4 13.Bg5 Qg4 14.Be3 Be7 15.Rad1 O-O
16.Rd4 Qh5 17.Qc2 e5 18.Be2 Qg6 19.Bd3 f5 20.Rd5 e4 21.Qc7 Bf6 22.Bc4 Be6
23.Rd7 Bxc4 24.Qxc4+ Kh8 25.Rxb7 Be5 26.Qd5 Rfe8 27.Rd1 f4 28.Bc5 Bf6 29.b4 Re5
30.Qc6 Rae8 31.Qxa6 e3 32.fxe3 fxe3 33.Qe2 Bh4 34.Bd4 Bf2+ 35.Kh1 R5e7 36.Rxe7 Rxe7
37.b5 h6 38.b6 Qe4 39.Bc5 Re5 40.Bxe3 Bxe3 41.Re1 Qb7 42.Rf1 Bf4 43.Qf2 Rg5
44.Qc2 Bd6 45.Re1 Re5 46.Rf1 Rh5 47.Rf2 Rxh2+ 48.Kg1 Rh5 49.Qd1 Rd5 50.Qf3 Bc5  0-1

[Event "12th Sautron Open"]
[Site "Sautron FRA"]
[Date "2012.10.30"]
[Round "5.4"]
[White "Marholev,D"]
[Black "Rusev,K"]
[Result "0-1"]
[WhiteElo "2326"]
[BlackElo "2549"]

1.d4 d5 2.c4 dxc4 3.Nf3 c5 4.d5 Nf6 5.Nc3 e6 6.e4 exd5 7.e5 d4 8.Bxc4 Ng4
9.Ne4 Nc6 10.Bf4 b5 11.Be2 c4 12.h3 d3 13.hxg4 Bxg4 14.Nd6+ Bxd6 15.exd6 Nb4
16.O-O O-O 17.a4 Re8 18.Bxd3 Nxd3 19.Bg3 f5 20.axb5 f4 21.Qc2 Rc8 22.Bh4 Qxd6
23.Nh2 Be2 24.Rfb1 Qh6 25.g3 g5 26.Ra6 Qg7  0-1

[Event "TCh-CZE Extraliga 2012-13"]
[Site "Czech Republic CZE"]
[Date "2012.11.03"]
[Round "1.2"]
[White "Studnicka,Toma"]
[Black "Stocek,J"]
[Result "0-1"]
[WhiteElo "2388"]
[BlackElo "2557"]

1.d4 d5 2.c4 dxc4 3.Nf3 a6 4.a4 Nf6 5.e3 Bg4 6.Bxc4 e6 7.h3 Bh5 8.Nc3 Nc6
9.O-O Bd6 10.b3 O-O 11.Bb2 Qe7 12.Be2 Rfd8 13.Nd2 Bg6 14.Bf3 e5 15.d5 Nb4
16.Nde4 Nxe4 17.Nxe4 Qh4 18.Nxd6 cxd6 19.Qd2 Nd3 20.Ba3 e4 21.Be2 Qg5 22.Bxd3 exd3
23.Qa5 Be4 24.f3 Qxe3+ 25.Kh1 Bf5 26.Qb4 a5 27.Qh4 Qe5 28.Rad1 Rac8 29.Qg5 h6
30.Qh5 Rc2 31.Rfe1 Re2 32.Rxe2 Qxe2 33.Rg1 d2 34.Qh4 f6 35.Qd4 Bc2 36.Qb6 Re8  0-1

[Event "WY BU14 2012"]
[Site "Maribor SLO"]
[Date "2012.11.14"]
[Round "7.70"]
[White "Choi,Ian"]
[Black "Suta,Andraz"]
[Result "1-0"]
[WhiteElo "1478"]
[BlackElo "1763"]

1.d4 d5 2.c4 dxc4 3.Nf3 c5 4.e3 cxd4 5.exd4 e6 6.Bxc4 Qc7 7.Qe2 Be7 8.O-O Nf6
9.Nc3 a6 10.Re1 O-O 11.d5 exd5 12.Nxd5 Nxd5 13.Bxd5 Bd6 14.Ng5 Nd7 15.Nxf7 Bxh2+
16.Kh1 Nf6 17.Bb3 Bd7 18.Qe7 Rae8 19.Nd6+ Kh8 20.Nxe8 Rxe8 21.Qb4 Rxe1+ 22.Qxe1 Bf4
23.Qe7 h6 24.Bxf4 Qxf4 25.Qf8+ Kh7 26.Bg8+ Kg6 27.Qf7+ Kf5 28.Bh7+ Ke5 29.Re1+ Kd6
30.Qe7+ Kc6 31.Be4+ Nxe4 32.Rxe4 Qxf2 33.Rc4+ Kb6 34.Rb4+ Ka7 35.a3 Bc6 36.Qxg7 Qf1+
37.Kh2 a5 38.Qd4+ Kb8 39.Qd8+ Ka7 40.Qxa5+ Kb8 41.Rg4 Qf7 42.Qe5+ Ka7 43.Qe3+ Ka8
44.Qxh6 Qc7+ 45.Qf4 Qh7+ 46.Rh4 Qg7 47.Qf2 Qe5+ 48.Kg1 Qg7 49.Rf4 Be8 50.Qc5 Qd7
51.Rd4 b6 52.Qxb6  1-0

[Event "TCh-NED Meesterklasse 2012-13"]
[Site "Netherland NED"]
[Date "2012.11.24"]
[Round "4.6"]
[White "Miedema,D"]
[Black "Tereick,B"]
[Result "1-0"]
[WhiteElo "2373"]
[BlackElo "2393"]

1.d4 d5 2.c4 dxc4 3.Nf3 a6 4.e3 Nf6 5.Bxc4 e6 6.O-O Nbd7 7.Nbd2 c5 8.dxc5 Nxc5
9.b4 Nd3 10.b5 Nxc1 11.Rxc1 Ba3 12.Rc3 Qa5 13.Rb3 O-O 14.Bd3 axb5 15.e4 Be7
16.e5 Nd5 17.Nd4 g6 18.Nxb5 Bd7 19.Bc4 Rfc8 20.Rb2 Nb6 21.Be2 Na4 22.Rb3 Bxb5
23.Rxb5 Qc7 24.Ne4 Nc5 25.Nd6 Bxd6 26.exd6 Qc6 27.Rb2 Na4 28.Rd2 Nc3 29.Bf3 Nxd1
30.Bxc6 Rxc6 31.Rfxd1 Rd8 32.Kf1 e5 33.Rb1 b6 34.d7 Kf8 35.Rdb2 Rxd7 36.Rxb6 Rc2
37.R6b2 Rdd2 38.Rxc2 Rxc2 39.Ra1 Ke7 40.a4 Kd6 41.a5 Rc7 42.Ke2 Ra7 43.Kd3 f5
44.Kc4 Kc6 45.f3 Rc7 46.a6 Kb6+ 47.Kd5 Ka7 48.Kxe5 Rc2 49.Rg1 Kxa6 50.h4 Kb7
51.h5 Rc5+ 52.Kf6 gxh5 53.Re1 Rc2 54.Re7+ Kc6 55.Rg7 f4 56.Ke5 Re2+ 57.Kxf4 Kd6
58.Kg3 Ke6 59.Rxh7 Re5 60.Kh4 Re2 61.Rg7 Kf6 62.Rg5 Ra2 63.Kxh5 Ra1 64.Rg8 Ke5
65.Kg5 Rg1 66.g4  1-0

[Event "9th Vasylyshyn Mem IM"]
[Site "Lviv UKR"]
[Date "2012.11.28"]
[Round "9"]
[White "Szwed,J"]
[Black "Ozturk,Ku"]
[Result "1/2-1/2"]
[WhiteElo "2251"]
[BlackElo "2278"]

1.d4 d5 2.c4 dxc4 3.Nf3 a6 4.e3 b5 5.a4 Bb7 6.axb5 axb5 7.Rxa8 Bxa8 8.b3 e6
9.bxc4 bxc4 10.Bxc4 Nf6 11.O-O Bd6 12.Ba3  1/2-1/2

[Event "ch-IRI 2012"]
[Site "Zahedan IRI"]
[Date "2012.12.08"]
[Round "2.4"]
[White "Javanbakht,N"]
[Black "Asgarizadeh,A"]
[Result "1/2-1/2"]
[WhiteElo "2406"]
[BlackElo "2171"]

1.d4 d5 2.c4 dxc4 3.Nf3 a6 4.e3 Bg4 5.Bxc4 e6 6.h3 Bh5 7.Nc3 Nf6 8.g4 Bg6
9.Ne5 Nbd7 10.Nxg6 hxg6 11.Qf3 c6 12.Bd2 Nd5 13.Bb3 Bd6 14.O-O-O a5 15.e4 Nxc3
16.Bxc3 b5 17.Kb1 a4 18.Bxe6 fxe6 19.e5 Be7 20.Qxc6 b4 21.Bd2 Ra5 22.Qxe6 Nf8
23.Qc6+ Qd7 24.Qc4 Qd5 25.Rc1 Ne6 26.Bxb4 Bxb4 27.Qxb4 Kf7 28.f4 Rb5 29.Qc4 Rd8
30.f5 gxf5 31.gxf5 Nxd4 32.Qxd5+ Rbxd5 33.Rc7+ Kf8 34.f6 g6 35.Rg7 Rxe5 36.Rxg6 Kf7
37.Rg7+ Kxf6 38.Ra7 Ne2 39.Rf1+ Ke6 40.Rxa4  1/2-1/2

[Event "I Cerrado Ciutat De Manresa"]
[Site "Manresa ESP"]
[Date "2012.12.14"]
[Round "8.4"]
[White "Baron Isanta,J"]
[Black "Mellado Trivino,J"]
[Result "0-1"]
[WhiteElo "2345"]
[BlackElo "2450"]

1.Nf3 d5 2.d4 c5 3.c4 dxc4 4.d5 Nf6 5.Nc3 e6 6.e4 exd5 7.e5 Nfd7 8.Qxd5 Nb6
9.Qxd8+ Kxd8 10.Bg5+ Be7 11.O-O-O+ Ke8 12.Nb5 Na6 13.Nd6+ Bxd6 14.Rxd6 Be6
15.Be2 h6 16.Be3 Rd8 17.Rhd1 Ke7 18.a3 Rd7 19.Rxd7+ Nxd7 20.b3 cxb3 21.Bxa6 bxa6
22.Rd6 Rb8 23.Kb2 Nb6  0-1

[Event "19th Zadar Open B"]
[Site "Zadar CRO"]
[Date "2012.12.16"]
[Round "1.9"]
[White "Kostovic,D"]
[Black "Samovojska,D"]
[Result "1/2-1/2"]
[WhiteElo "1918"]
[BlackElo "2225"]

1.Nf3 d5 2.d4 c5 3.c4 dxc4 4.e3 cxd4 5.exd4 Nf6 6.Bxc4 e6 7.O-O Be7 8.Nc3 O-O
9.d5 exd5 10.Nxd5 Nxd5 11.Qxd5 Qxd5 12.Bxd5 Rd8 13.Bb3 Nc6 14.Bg5 Bxg5 15.Nxg5 Rf8
16.Rfe1 Bf5 17.Rad1 h6 18.Ne4 Bxe4 19.Rxe4 Rad8 20.Kf1 Rxd1+ 21.Bxd1 Rd8
22.Ke1 Kf8 23.Ra4 Rd4 24.Ra3 Rb4 25.b3 a6 26.Kd2 Rd4+ 27.Ke1 Re4+ 28.Kd2 Rd4+
29.Ke1 Ke7 30.Bf3 Kd6 31.Bxc6 Kxc6 32.Ra5 Rd5 33.Ra4 Rh5 34.h3 Rg5 35.g3 Rh5
36.h4 Rd5 37.Ke2 Rc5 38.Kd2 h5 39.Rf4 f6 40.Re4 Kd6 41.a4 Rd5+ 42.Kc2 g5
43.Rb4 Kc6 44.Re4 Rf5 45.f4 gxh4 46.gxh4 Rd5 47.Re6+ Rd6 48.Re8 Kd5 49.Kd3 Rb6
50.Kc3 a5 51.Rh8 Ke4 52.Rxh5 f5 53.Rh7 Kxf4 54.Rg7 Ke3 55.h5 Rc6+ 56.Kb2 f4
57.Rxb7 f3 58.Rf7 Rh6 59.Ka3 Rxh5 60.b4 f2 61.bxa5 Rxa5 62.Kb4 Ra7 63.Rxf2 Kxf2
64.Kb5 Ke3 65.a5 Kd4 66.Kb6 Rh7 67.a6 Rh6+ 68.Kb7 Kc5 69.a7 Rh7+ 70.Ka6 Rh6+
71.Kb7 Rb6+ 72.Kc7 Rc6+ 73.Kb7 Rb6+ 74.Kc7 Rc6+ 75.Kb7 Rb6+ 76.Kc7 Ra6 77.Kb7  1/2-1/2

[Event "19th Zadar Open A"]
[Site "Zadar CRO"]
[Date "2012.12.22"]
[Round "9.10"]
[White "Kurajica,B"]
[Black "Lalic,B"]
[Result "1/2-1/2"]
[WhiteElo "2565"]
[BlackElo "2484"]

1.d4 d5 2.Nf3 c5 3.c4 dxc4 4.e3 e6 5.Bxc4 Nf6 6.dxc5 Qxd1+ 7.Kxd1 Bxc5 8.Ke2 a6
9.Nbd2 b5 10.Bd3 Bb7 11.a4 bxa4  1/2-1/2

[Event "XLII Rilton Cup"]
[Site "Stockholm SWE"]
[Date "2012.12.28"]
[Round "2.26"]
[White "L'Ami,Alina"]
[Black "Kivimaki,Ja"]
[Result "1-0"]
[WhiteElo "2390"]
[BlackElo "2198"]

1.d4 d5 2.c4 dxc4 3.Nf3 c5 4.e3 cxd4 5.Bxc4 Qc7 6.Bb3 dxe3 7.Bxe3 e6 8.O-O Nf6
9.Nc3 Nc6 10.Nb5 Qa5 11.Nd6+ Bxd6 12.Qxd6 Ne4 13.Qf4 Qf5 14.Qh4 Nf6 15.Bg5 O-O
16.Rac1 h6 17.Bxh6 Qh7 18.Bg5 Qxh4 19.Bxh4 Rd8 20.Rfe1 Kf8 21.Ng5 Ne7 22.h3 Bd7
23.Rc7 Nf5 24.Nh7+ Ke7 25.Bg5 b5 26.Rd1 Nd6 27.Nxf6 gxf6 28.Bxf6+ Kxf6 29.Rxd6 Be8
30.Rxa7 Rxd6 31.Rxa8 Ke7 32.Rc8 Bc6 33.Rc7+ Kf6 34.h4 Be4 35.Bc2 Bd5 36.h5 e5
37.h6 e4 38.Rc5  1-0

[Event "Ptuj Open 2012"]
[Site "Ptuj SLO"]
[Date "2012.12.29"]
[Round "9.9"]
[White "Carli,Lara"]
[Black "Suta,Andraz"]
[Result "1-0"]
[WhiteElo "1626"]
[BlackElo "1776"]

1.d4 d5 2.c4 dxc4 3.Nf3 c5 4.e3 cxd4 5.Bxc4 Qc7 6.Qb3 e6 7.exd4 Nf6 8.O-O Bd6
9.Nc3 a6 10.d5 b5 11.Nxb5 axb5 12.Bxb5+ Kf8 13.Re1 g6 14.Bh6+ Ke7 15.Rac1 Qd8
16.dxe6 Bxe6 17.Ng5 Qg8 18.Bc4 Ra6 19.Bxa6 Nxa6 20.Qb7+ Nc7 21.Rxc7+ Bxc7
22.Qxc7+ Nd7 23.Nxe6 fxe6 24.Rd1 Qc8 25.Bg5+ Kf7 26.Rxd7+ Qxd7 27.Qxd7+ Kg8
28.Bh6 g5 29.Qe8+  1-0

[Event "Australian Open 2013"]
[Site "Cammeray AUS"]
[Date "2013.01.11"]
[Round "9.44"]
[White "Yang,Ray"]
[Black "Fry,P"]
[Result "0-1"]
[WhiteElo "1625"]
[BlackElo "1893"]

1.d4 d5 2.c4 dxc4 3.Nf3 a6 4.e3 Bg4 5.Bxc4 e6 6.h3 Bh5 7.Nc3 Nf6 8.g4 Bg6
9.Ne5 Be7 10.Nxg6 hxg6 11.Bd2 c5 12.dxc5 Bxc5 13.Qf3 Nc6 14.O-O-O Qc7 15.Qe2 O-O
16.Kb1 Rfd8 17.Bc1 Qa5 18.a3 Qc7 19.Rxd8+ Rxd8 20.f4 Na5 21.Ba2 Bxa3 22.bxa3 Qxc3
23.Rd1 Rc8 24.Bb2 Ne4 25.Ka1 Nb3+ 26.Bxb3 Qxb3 27.Qd3 Nc3 28.Bxc3 Qxa3+ 29.Kb1 Qxc3
30.Qd7 b5 31.Rd3 Qc1+ 32.Ka2 Rc2+ 33.Kb3 Qb2+  0-1

[Event "Australian Open 2013"]
[Site "Cammeray AUS"]
[Date "2013.01.12"]
[Round "10.52"]
[White "Dibley,Shane E"]
[Black "Egan,B"]
[Result "0-1"]
[WhiteElo "1700"]
[BlackElo "1716"]

1.d4 d5 2.c4 dxc4 3.Nf3 a6 4.a4 Nf6 5.e3 e6 6.Bxc4 c5 7.O-O cxd4 8.exd4 Qc7
9.Qe2 Bd6 10.Nc3 O-O 11.Bg5 Nbd7 12.Rac1 b6 13.Rfe1 Bb7 14.Bd3 Bf4 15.Bxf4 Qxf4
16.Qe3 Qxe3 17.Rxe3 Ng4 18.Ree1 Bxf3 19.gxf3 Ngf6 20.Rcd1 g6 21.Ne2 Rfc8
22.Ng3 Nd5 23.Bb1 Rc4 24.b3 Rc3 25.Rd3 Rac8 26.Red1 Nb4 27.Re3 Rxe3 28.fxe3 Rc3
29.Nf1 Rxb3 30.Kf2 Ra3 31.Nd2 Rxa4 32.Be4 Nf6 33.Bb7 Ra2 34.Ke1 Nfd5  0-1

[Event "TCh-SVK Extraliga 2012-13"]
[Site "Slovakia SVK"]
[Date "2013.01.19"]
[Round "5.3"]
[White "Dobrotka,M"]
[Black "Kovacik,E"]
[Result "1-0"]
[WhiteElo "2235"]
[BlackElo "2212"]

1.d4 d5 2.c4 dxc4 3.Nf3 a6 4.a4 Nc6 5.e3 e5 6.Bxc4 exd4 7.exd4 Bb4+ 8.Nc3 Nf6
9.Qe2+ Qe7 10.Qxe7+ Bxe7 11.O-O O-O 12.Bf4 Bg4 13.Ne5 Nxd4 14.Nxg4 Nxg4 15.Bxc7 Rac8
16.Nd5 Bd8 17.Rad1 Ne6 18.Bxd8 Rxc4 19.b3 Rd4 20.Bb6 Rxd1 21.Rxd1 Re8 22.f4 f5
23.h3 Nh6 24.Kf2 Kf7 25.Kf3 g6 26.Ne3 Ng8 27.Nc4 Re7 28.Nd6+ Kg7  1-0

[Event "18th HIT Open A 2013"]
[Site "Nova Gorica SLO"]
[Date "2013.01.30"]
[Round "9.4"]
[White "Beletic,D"]
[Black "Mestek,I"]
[Result "1-0"]
[WhiteElo "2239"]
[BlackElo "2186"]

1.d4 d5 2.c4 dxc4 3.Nf3 a6 4.a4 Nf6 5.e3 Bg4 6.Bxc4 e6 7.Nc3 Nc6 8.h3 Bh5
9.g4 Bg6 10.Nh4 Nd5 11.Nxg6 hxg6 12.Be2 Be7 13.Bf3 Qd7 14.Bd2 Ndb4 15.Kf1 g5
16.a5 Rh6 17.Qb3 O-O-O 18.Kg2 Kb8 19.Ne4 Rdh8 20.Bxb4 Nxb4 21.Nxg5 Bxg5 22.Qxb4 c6
23.Rac1 Be7 24.Qb6 Bd8 25.Qb4 Qe7 26.Qb3 Ka7 27.Rc4 g5 28.Qc3 f6 29.b4 Qh7
30.Rxc6 Qd7 31.Qc5+ Kb8 32.Rd6 Qh7 33.b5 Bc7 34.bxa6 Rxh3 35.a7+ Ka8 36.Bxb7+ Kxb7
37.a8=Q+ Kxa8 38.Ra6+ Kb8 39.Qb5+ Bb6 40.Rxb6+ Kc8 41.Rc1+  1-0

[Event "Vladimir Petrov Memorial"]
[Site "Jurmala LAT"]
[Date "2013.02.16"]
[Round "8.6"]
[White "Kovalenko,I"]
[Black "Luther,T"]
[Result "1-0"]
[WhiteElo "2586"]
[BlackElo "2535"]

1.d4 d5 2.c4 dxc4 3.Nf3 a6 4.e3 b5 5.a4 Bb7 6.b3 Nf6 7.bxc4 bxc4 8.Bxc4 e6
9.O-O Nbd7 10.a5 Bd6 11.Nbd2 O-O 12.Ba3 Bxa3 13.Rxa3 c5 14.Qe2 cxd4 15.exd4 Bd5
16.Bd3 Nb8 17.Ne5 Nc6 18.Nxc6 Bxc6 19.Qe5 Qd5 20.Qxd5 Nxd5 21.Rb1 Rfc8 22.g3 Nc7
23.Rb6 Bb5 24.Ne4 Bxd3 25.Rxd3 Nd5 26.Rb1 Rc2 27.Ra3 h6 28.Rb7 Rac8 29.Nc5 Rc6
30.Rf3 f6 31.Ra7 Nc7 32.Rb3 Nb5 33.Rxa6 Rxa6 34.Nxa6 Nxd4 35.Rb8+ Kh7 36.Nb4 Rc1+
37.Kg2 Ra1 38.a6 e5 39.Rb7 e4 40.Kh3 f5 41.a7 Nf3 42.Nd5 Rh1 43.g4 Ra1 44.gxf5 h5
45.f6 Kh6 46.Rxg7  1-0

[Event "Aeroflot Open Rapid Final"]
[Site "Moscow RUS"]
[Date "2013.02.16"]
[Round "1.2"]
[White "Eljanov,P"]
[Black "Korobov,A"]
[Result "1/2-1/2"]
[WhiteElo "2678"]
[BlackElo "2702"]

1.d4 d5 2.c4 dxc4 3.Nf3 a6 4.e3 Bg4 5.Bxc4 e6 6.O-O Nf6 7.b3 c5 8.dxc5 Qxd1
9.Rxd1 Bxc5 10.Bb2 Nc6 11.Nbd2 h6 12.Rac1 Be7 13.Be2 O-O 14.h3 Bh5 15.g4 Bg6
16.Nc4 Rfd8 17.Nfe5 Nxe5 18.Nxe5 Rxd1+ 19.Bxd1 Be4 20.f3 Bh7 21.e4 Ne8 22.Be2 Rd8
23.Kf2 Kf8 24.Ke3 f5 25.Bc4 Bc5+ 26.Ke2 fxe4 27.fxe4 Bxe4 28.Bxe6 Bb4 29.Ke3 Nf6
30.Rc7 Bd2+ 31.Ke2 Bb4 32.Ke3 Bd2+ 33.Ke2 Bb4 34.Ke3 Bd2+ 35.Ke2 Bb4 36.Ke3 Bd2+  1/2-1/2